Samagra samanya adhyayana (Record no. 123521)

MARC details
000 -LEADER
fixed length control field 00725nam a2200289Ia 4500
008 - FIXED-LENGTH DATA ELEMENTS--GENERAL INFORMATION
fixed length control field 210210b2019 xxu||||| |||| 00| 0 eng d
020 ## - INTERNATIONAL STANDARD BOOK NUMBER
International Standard Book Number 9789389555226
041 ## - LANGUAGE CODE
Language code of text/sound track or separate title eng
082 ## - DEWEY DECIMAL CLASSIFICATION NUMBER
Classification number 351.3K RUDS
100 ## - MAIN ENTRY--PERSONAL NAME
Personal name RUDRANI (Vi Si)
245 ## - TITLE STATEMENT
Title Samagra samanya adhyayana
Remainder of title Sumaru 10000kku hechu atimukhya bahu ayke prashnottaragalu
260 ## - PUBLICATION, DISTRIBUTION, ETC.
Place of publication, distribution, etc. Bengaluru
Name of publisher, distributor, etc. Sapna book house
Date of publication, distribution, etc. 2019
300 ## - PHYSICAL DESCRIPTION
Extent 859
650 ## - SUBJECT ADDED ENTRY--TOPICAL TERM
Topical term or geographic name entry element Sumaru
650 ## - SUBJECT ADDED ENTRY--TOPICAL TERM
Topical term or geographic name entry element samanya
650 ## - SUBJECT ADDED ENTRY--TOPICAL TERM
Topical term or geographic name entry element Samagra
650 ## - SUBJECT ADDED ENTRY--TOPICAL TERM
Topical term or geographic name entry element prashnottaragalu
650 ## - SUBJECT ADDED ENTRY--TOPICAL TERM
Topical term or geographic name entry element hechu
650 ## - SUBJECT ADDED ENTRY--TOPICAL TERM
Topical term or geographic name entry element bahu
650 ## - SUBJECT ADDED ENTRY--TOPICAL TERM
Topical term or geographic name entry element ayke
650 ## - SUBJECT ADDED ENTRY--TOPICAL TERM
Topical term or geographic name entry element atimukhya
650 ## - SUBJECT ADDED ENTRY--TOPICAL TERM
Topical term or geographic name entry element adhyayana
650 ## - SUBJECT ADDED ENTRY--TOPICAL TERM
Topical term or geographic name entry element 10000kku
690 ## - LOCAL SUBJECT ADDED ENTRY--TOPICAL TERM (OCLC, RLIN)
Topical term or geographic name as entry element General Knowledge
700 ## - ADDED ENTRY--PERSONAL NAME
Personal name JAYANNA (Si Vi)
906 ## - LOCAL DATA ELEMENT F, LDF (RLIN)
a 073750
Holdings
Withdrawn status Lost status Damaged status Not for loan Collection code Home library Current library Shelving location Date acquired Source of acquisition Cost, normal purchase price Total Checkouts Full call number Barcode Date last seen Date last checked out Price effective from Koha item type
          St Aloysius Library St Aloysius Library   02/17/2021 Biblios Book Point, Surathkal-575014 650.00 3 351.3K RUDS 073750 06/04/2024 05/17/2024 02/17/2021 Book